| 000 | 00920pam a2200289 a 4500 | ||
|---|---|---|---|
| 001 | 2452500 | ||
| 003 | OSt | ||
| 005 | 20170320151436.0 | ||
| 008 | 890811s1990 pau b 000 0 eng c | ||
| 010 | _a 89013081 | ||
| 020 | _a0397550243 | ||
| 040 |
_aDNLM/DLC _cDLC _dDLC |
||
| 082 |
_aWY 18 _bT482l 1994 |
||
| 100 | 1 |
_aTimby, Barbara Kuhn. _911850 |
|
| 245 | 1 | 0 |
_aLippincott's review for NCLEX-PN / _cBarbara Kuhn Timby, Jeanne C. Scherer. |
| 250 | _a4th ed. | ||
| 260 |
_aPhiladelphia : _bLippincott, _c1994. |
||
| 300 |
_axxvi, 483p. ; _c28 cm. |
||
| 504 | _aIncludes bibliographical references. | ||
| 650 | 0 |
_aNursing _xExaminations, questions, etc. _911851 |
|
| 650 | 2 |
_aNursing _xexamination questions. _911852 |
|
| 700 |
_aScherer, Jeanne C. _911853 |
||
| 740 | 0 | _aState board review of NCLEX-RN. | |
| 906 |
_a7 _bcbc _corignew _du _eocip _f19 _gy-gencatlg |
||
| 942 |
_2z _cO_SHELF |
||
| 999 |
_c5690 _d5690 |
||